000 00338 a2200157 4500
001 49378
020 _a8508075006
040 _cAnchieta - Bela Vista
100 _aMaar, Paul
240 1 0 _aA viagem de Lisa
_lpor
245 1 0 _aA viagem de Lisa
300 _a30
362 0 _a2001
650 4 _aLiteratura infanto-juvenil
942 _cBK
999 _c49378
_d49378